000 02748nam a2200301 a 4500
999 _c6531
_d6531
005 20200104041610.0
008 140121b2007 ck ||||| |||| 00| 0 spa d
040 _aCO-BoIAVH
_cCO-BoIAVH
041 _aspa
044 _ack
090 _aIAVH
_b001052
100 _aZambrano L., Hernando
245 _aEvaluación de integridad ecológica, propuesta metodológica. Herramienta para el análisis de efectividad en el largo plazo en el área del Sistema de Parques Nacionales Naturales de Colombia
260 _aBogotá
_bInstituto Alexander von Humbold
_bWWF
_bUAESPNN
_c2007
300 _a26 p.
520 _aComo parte del proceso para evaluar la efectividad del manejo de las áreas protegidas que conforman el Sistema de Parques Nacionales de Colombia, se puso a prueba la metodología de evaluación de integridad ecológica de Parrish et al. (2003) y Herrera AND Corrales (2004) en un conjunto piloto de cinco áreas protegidas. La prueba consistió en un ejercicio participativo con expertos, para ajustar cada uno de los pasos metodológicos de acuerdo con las condiciones particulares de los Parques Nacionales Naturales en Colombia. Se modificaron los criterios para limitar el número de objetos de conservación, incluyendo un criterio secundario relacionado con uso de biodiversidad. Se desarrolló además una propuesta de selección y evaluación de atributos ecológicos clave y un mecanismo para establecer los rangos aceptables de variación, basados en un árbol de decisiones que contrasta los indicadores con una línea de referencia. Finalmente, se ajustaron las descripciones para el índice de integridad ecológica de acuerdo con los requerimientos de manejo de los Parques Nacionales Naturales de Colombia y se evaluaron los doce indicadores con más factibilidad de medición para analizar Integridad Ecológica, correspondientes a objetos de conservación asociados a paisajes/ecosistemas y especies/poblaciones, tomando en cuenta sus características de pertinencia, credibilidad, factibilidad, claridad y utilidad comparativa. Además y como anexos van a ir las hojas metodológicas, cada una con sus correspondientes autores. Este documento será el cuarto cuadernillo del documento de efectividad que se público en 2005 por Parques Nacionales
650 _aConservación
650 _aBiodiversidad
650 _aAreas protegidas
650 _aEfectividad del manejo
650 _aIntegridad ecológica
650 _aParques nacionales naturales de Colombia
700 _aPardo, Marco
700 _aNaranjo, Luis Germán
856 _uhttp://repository.humboldt.org.co/handle/20.500.11761/35231
942 _cCD-ROM
_2z
945 _d2008-09-03